| 000 | 01220nam a22003377a 4500 | ||
|---|---|---|---|
| 003 | CHAP | ||
| 005 | 20250617130615.0 | ||
| 008 | 971013s1996 r 00010 d | ||
| 010 | _a61754 | ||
| 011 | _a62726 | ||
| 035 | _a66901 | ||
| 040 | _cCHAP | ||
| 090 | _aTesis | ||
| 100 | 1 | 0 |
_aCopado Bueno, José María Fernando _9143261 |
| 245 | _aEstudio del comportamiento del cerdo rural no confinado | ||
| 260 |
_aMéxico, D.F. : _bEl autor, _c1996 |
||
| 300 |
_a96 h. _b: ilus. |
||
| 502 | _aTesis (Maestro en Producción Animal : Cerdos) -- UNAM. Facultad de Veterinaria y Zootecnia. Div. de Estudios de Posgrado e Investigación | ||
| 590 |
_aALEPH _b10 _c20130110 _lUCH01 _h1344 |
||
| 590 |
_aBATCH-UPD _b10 _c20130110 _lUCH01 _h0338 |
||
| 590 |
_aBATCH-UPD _b10 _c20130110 _lUCH01 _h2228 |
||
| 590 |
_aBATCH-UPD _b10 _c20130410 _lUCH01 _h0012 |
||
| 590 |
_aBATCH-UPD _b10 _c20130410 _lUCH01 _h1524 |
||
| 590 |
_aBATCH-UPD _b10 _c20130914 _lUCH01 _h1047 |
||
| 590 |
_aCONVERSION _b10 _c20130109 _lUCH01 _h1333 |
||
| 650 | 1 | 4 |
_aGanado porcino _xHábitos y conducta. _945374 |
| 901 | _aBK | ||
| 942 | _cFOLL | ||
| 949 |
_bBC _cTES _d-152138 _eTS1 _h30737 _i66901 _si |
||
| 949 |
_bBC _cTES _d33724000604187 _eTS2 _fc.2 _h30738 _i66901 _si |
||
| 999 |
_c61754 _d61754 |
||